000 01342nam a2200337 i 4500
003 DO-SdBNP
005 20241017102104.0
007 ta
008 220603b2019 dr ||||| |||| 00| 0 spa d
020 _a9789945907698
040 _aDO-SdBNP
_bspa
_cBNPHU
_erda
041 _aspa
082 4 _a346.7293043
_bR426L
_222
110 1 _aRepública Dominicana
_9447
240 _a[Leyes, etc.]
245 1 0 _aLey no. 108-05 de registro inmobiliario :
_bcon sus modificaciones, reglamentos y normas complementarias, concordados e indexados /
_cFabio J. Guzmán Ariza.
264 4 _aSanto Domingo, República Dominicana :
_bGaceta Judicial,
_c2019.
300 _axiv, 611 páginas ;
_c24 cm.
336 _atexto
_btxt
_2rdacontent
337 _asin mediación
_bn
_2rdamedia
338 _avolumen
_bnc
_2rdacarrier
490 0 _aColección leyes anotadas
500 _aIncluye datos biográficos del autor en la solapa de la cubierta.
500 _aIncluye índice temático
500 _aIncluye referencias bibliográficas y notas al pie de las páginas
590 _aInventariado, 2022 /LP
650 4 _aRegistro de la propiedad
_zRepública Dominicana
_98463
700 1 _aGuzmán A., Fabio J.
_q(Fabio José Guzmán Ariza),
_d1949-
_930896
_4ed.
_eeditor
910 _aLopérez/Validado. Control de calidad MFF
942 _2ddc
_cLBS1
999 _c51929
_d51929